Contesting nationalisms: (Record no. 158336)

MARC details
000 -LEADER
fixed length control field 00667nam a22001937a 4500
005 - DATE AND TIME OF LATEST TRANSACTION
control field 20181025142756.0
010 ## - LCCN (DPL NO)
LC control number ENG-124369
020 ## - INTERNATIONAL STANDARD BOOK NUMBER
Terms of availability 1495.00
International Standard Book Number 9789386552792
035 ## - SYSTEM CONTROL NUMBER
System control number EN-107901
037 ## - SOURCE OF ACQUISITION
Source of stock number/acquisition DBAD/PUB
082 ## - DEWEY DECIMAL CLASSIFICATION NUMBER
Classification number 954.0841
100 ## - MAIN ENTRY--PERSONAL NAME
Personal name Pathak, Vikas
245 ## - TITLE STATEMENT
Title Contesting nationalisms:
Statement of responsibility, etc by Vikas Pathak
Remainder of title hinduism, secularism and untouchability in colonial punjab, 1880-1930 / /
260 ## - PUBLICATION, DISTRIBUTION, ETC. (IMPRINT)
Place of publication, distribution, etc New Delhi
Name of publisher, distributor, etc Primus Books
Date of publication, distribution, etc 2018
270 ## - ADDRESS
Address Arakashan Road, Paharganj,
City New Delhi
Postal code 110055
300 ## - PHYSICAL DESCRIPTION
Extent xvi,266p.
Dimensions 22cm. (Hb)
500 ## - GENERAL NOTE
General note It includes conclusion, select bibliography and index
942 ## - ADDED ENTRY ELEMENTS (KOHA)
Source of classification or shelving scheme Dewey Decimal Classification
Item type English Books
Classification part 954.0841
Call number suffix PAT
Holdings
Withdrawn status Lost status Not for loan Collection code Home library Current library Date acquired Source of acquisition Cost, normal purchase price Full call number Barcode Copy number Cost, replacement price Koha item type
    Not For Loan Non-fiction D.B.Act.Division Bawana 25/10/2018 DBAD/PUB 1495.00 954.0841 PAT EN-107901 1 1495.00 English Books

© Delhi Public Library
Hit Counter
free hit counter